MARC

LEADER 00000nam a2200000Ia 4500
001 8463
008 160829s1942 xx 000 0 cat d
080 |a FU-8-65 
100 |a Raventós Domènech, Jaume  |9 25382 
245 |a La Alimentación humana / por D. Jaime Raventós Domènech... 
260 |a Barcelona :  |b Diputación Provincial de Barcelona, Servicios Técnicos de Agricultura,  |c 1942 
300 |a 32 p. ;  |c 21 cm 
490 |a Publicaciones divulgadoras de los Servicios Técnicos de Agricultura ; 6 
650 |a Nutrició  |9 33420 
710 1 |a Barcelona (Catalunya : Província).  |b Servicios Técnicos de Agricultura  |9 54614 
856 4 |u https://media.diba.cat/diba/fitxers/arxiu/fulletons/bib_8463_baixa.pdf  |y Accés lliure 
856 4 |u https://media.diba.cat/diba/fitxers/arxiu/fulletons/bib_8463_baixa.pdf  |y Accés lliure 
901 |a Arxiu 
942 |n 1  |2 udc 
952 |0 0  |1 0  |4 0  |6 FU865  |7 1  |9 44173  |a Arxiu  |b Arxiu  |d 2016-12-01  |l 0  |o FU-8-65  |p 8463  |r 2016-12-01 00:00:00  |w 2016-12-01  |y ARXIU 
999 |c 46753  |d 46753 
900 |a bib_8463_baixa.pdf